| 000 | 00764nas a2200217 4500 | ||
|---|---|---|---|
| 001 | BR8402000 | ||
| 003 | BR-BrBNA | ||
| 005 | 20231205085904.0 | ||
| 007 | ta | ||
| 008 | 230509b bl.|||p| |||| 00| 00por d | ||
| 040 |
_aBR-BrBNA _bpor _cBiblioteca Nacional de Agricultura |
||
| 041 | _a(Pt) | ||
| 072 | _aP10 | ||
| 110 | 1 |
_aAssociacao Brasileira de Irrigacao e Drenagem, Brasilia, DF _9307 |
|
| 245 | 1 | _aHipsometria aplicada as redes fluviais: estudo de caso da bacia do rio Bengala [Rio de Janeiro, Brasil] | |
| 650 | _aBACIA HIDROGRAFICA | ||
| 650 | _aRIO DE JANEIRO | ||
| 773 | 0 |
_tITEM. Irrigacao e Tecnologia Moderna (Brazil) _xISSN 0102-0536 _g(Jun 1984), (no. 17) p. 35-39 _wBR8402000 |
|
| 909 |
_a202311 _bLúcia _c55 _dLúcia Elande |
||
| 942 |
_2AGRIS _n0 _cANA |
||
| 999 |
_c114547 _d114547 |
||